| 000 | 00745cam a2200145 4500500 | ||
|---|---|---|---|
| 005 | 20260208005826.0 | ||
| 041 | _afre | ||
| 042 | _adc | ||
| 100 | 1 | 0 |
_aCotoni, Marie-hélène _eauthor |
| 245 | 0 | 0 | _aALAIN SANDRIER, Le style philosophique du baron d’Holbach, Conditions et contraintes du prosélytisme athée en France dans la seconde moitié du XVIIIe siècle, Paris, Honoré Champion, « Les Dix-huitièmes siècles », n° 81,2004. Un vol. 16,5 × 24 de 590 p. |
| 260 | _c2005. | ||
| 500 | _a2 | ||
| 786 | 0 | _nRevue d'histoire littéraire de la France | 105 | 3 | 2005-06-01 | p. 655za-764za | 0035-2411 | |
| 856 | 4 | 1 | _uhttps://shs.cairn.info/revue-d-histoire-litteraire-de-la-france-2005-3-page-655za?lang=fr&redirect-ssocas=7080 |
| 999 |
_c1653959 _d1653959 |
||